00504nam a2200193 a 4500001001300000003000900013005001700022008004100039020000900080082001800089100001800107245003400125260005900159300000900218500003500227505001100262650001900273700001800292nice12345678IN_TiNIC20260116011655.0050524s1972 bana grp 000 0 eng  ac1000a230.0954bCHA aChandran, J R aSecular Witness of E.V.Mathew aBangalorebChristian Instt.For Study of Religionc1972 a267p aincludes index and biblioraphy2 aThesis aTheology-India1 aChandran, J R